000 00533nam a2200205Ia 4500
008 240509s9999 xx 000 0 und d
020 _a0008120320611
041 _aEng
082 _a005.712
082 _bS72
100 _aSTEVENS W.R.
245 0 _aUNIX NETWORK PROGRAMMING :VOLUME 1: Networking APIs : Sockets and XTI
250 _a2nd ed.
260 _bNEW DELHI : PRINTICE HALL
260 _c1998
300 _a1009 p.
650 _aUNIX : NETWORK PROGRAMMING : OPERATING SYSYTEMS
942 _2ddc
942 _cRBK
999 _c22249
_d22249
945 _a1
_bMadushi Gamage
_c1
_dMadushi Gamage